<?xml version="1.0" encoding="UTF-8"?><?xml-stylesheet type="text/xsl" href="static/style.xsl"?><OAI-PMH xmlns="http://www.openarchives.org/OAI/2.0/" xmlns:xsi="http://www.w3.org/2001/XMLSchema-instance" xsi:schemaLocation="http://www.openarchives.org/OAI/2.0/ http://www.openarchives.org/OAI/2.0/OAI-PMH.xsd"><responseDate>2026-04-13T07:29:23Z</responseDate><request verb="GetRecord" identifier="oai:www.recercat.cat:2117/114474" metadataPrefix="marc">https://recercat.cat/oai/request</request><GetRecord><record><header><identifier>oai:recercat.cat:2117/114474</identifier><datestamp>2025-07-23T02:10:16Z</datestamp><setSpec>com_2072_1033</setSpec><setSpec>col_2072_452951</setSpec></header><metadata><record xmlns="http://www.loc.gov/MARC21/slim" xmlns:dcterms="http://purl.org/dc/terms/" xmlns:xsi="http://www.w3.org/2001/XMLSchema-instance" xmlns:doc="http://www.lyncode.com/xoai" xsi:schemaLocation="http://www.loc.gov/MARC21/slim http://www.loc.gov/standards/marcxml/schema/MARC21slim.xsd">
   <leader>00925njm 22002777a 4500</leader>
   <datafield ind2=" " ind1=" " tag="042">
      <subfield code="a">dc</subfield>
   </datafield>
   <datafield ind2=" " ind1=" " tag="720">
      <subfield code="a">Boixet Méndez, Oriol</subfield>
      <subfield code="e">author</subfield>
   </datafield>
   <datafield ind2=" " ind1=" " tag="720">
      <subfield code="a">Martín Casado, Sara</subfield>
      <subfield code="e">author</subfield>
   </datafield>
   <datafield ind2=" " ind1=" " tag="720">
      <subfield code="a">Mas Muñoz, Mireia</subfield>
      <subfield code="e">author</subfield>
   </datafield>
   <datafield ind2=" " ind1=" " tag="720">
      <subfield code="a">Montoya Martínez, Jose Ramón</subfield>
      <subfield code="e">author</subfield>
   </datafield>
   <datafield ind2=" " ind1=" " tag="720">
      <subfield code="a">Serena López, Álex</subfield>
      <subfield code="e">author</subfield>
   </datafield>
   <datafield ind2=" " ind1=" " tag="720">
      <subfield code="a">Vera Benjauma, Mercedes</subfield>
      <subfield code="e">author</subfield>
   </datafield>
   <datafield ind2=" " ind1=" " tag="260">
      <subfield code="c">2013-07-13</subfield>
   </datafield>
   <datafield ind2=" " ind1=" " tag="520">
      <subfield code="a">Situada en la comuna de Pelarco, la edificación consta de una superficie construida de 4.295 metros&#xd;
cuadrados. Dividida en 2 patios interiores y diferentes alas, se encuentra en una extensa superficie de&#xd;
terreno. La construcción original está formada por muros de adobe, pilares con base de piedra, fuste y&#xd;
capitel de madera, una techumbre compuesta por cerchas de madera en forma tradicional chilena conocida&#xd;
como tijeral, cubierta, también tradicional, de tejas cerámicas a cuatro aguas y dos niveles de cumbrera.&#xd;
La estructura de cubierta se extiende en las zonas de fachada principal, patio sur y parte del patio&#xd;
norte, cubriendo los corredores que discurren por los perímetros de ambos patios.&#xd;
Pese a contar con gran cantidad de documentación gracias a los proyectos realizados con anterioridad,&#xd;
principalmente el trabajo realizado en 2011 que cuenta con un vasto archivo, tanto gráfico como&#xd;
descriptivo, de los elementos que conforman la casa patronal , se realizan varias visitas in situ&#xd;
comparando la realidad actual con la de estos proyectos.&#xd;
Se efectúan mediciones de muros, carpinterías, pendientes de pavimentos, escaleras, pilares y techumbre.&#xd;
También se realizan fotografías del lugar para estudiar los sistemas constructivos y disponer de un&#xd;
archivo gráfico contundente para así poder conservar una muestra de la huella histórica.&#xd;
Una vez evaluado el estado actual, se puede observar que la casa patronal se encuentra en un estado&#xd;
muy deficiente debido al terremoto de Febrero de 2010, pero más incluso que el ya reflejado en los&#xd;
anteriores estudios, debido a su falta de uso y mantenimiento durante los últimos años.</subfield>
   </datafield>
   <datafield ind2=" " ind1=" " tag="520">
      <subfield code="a">Outgoing</subfield>
   </datafield>
   <datafield tag="653" ind2=" " ind1=" ">
      <subfield code="a">Àrees temàtiques de la UPC::Edificació::Rehabilitació d'edificis</subfield>
   </datafield>
   <datafield tag="653" ind2=" " ind1=" ">
      <subfield code="a">Buildings - Repair and reconstruction</subfield>
   </datafield>
   <datafield tag="653" ind2=" " ind1=" ">
      <subfield code="a">Edificis -- Remodelació -- Xile</subfield>
   </datafield>
   <datafield ind2="0" ind1="0" tag="245">
      <subfield code="a">Centre cultural Santa Rita</subfield>
   </datafield>
</record></metadata></record></GetRecord></OAI-PMH>